000 00440nam a22001817a 4500
003 UA-OsUOA
001 129632
007 ta
008 20180314b un ||||| |||| 00| 0 ukr d
100 _aБєляєв О.
942 _cEB
040 _aUA-OsUOA
_bukr
_cUA-OsUOA
_dUA-OsUOA
245 _aЕкономічна політика
955 _a2
041 _aukr
856 4 0 _uhttps://javalibre.com.ua/java-book/book/2910986
650 7 _2UDC
999 _c417501
_d417501